000 00469nam a2200193Ia 4500
005 20240823032347.0
008 240823s9999||||xx |||||||||||||| ||und||
041 _aENGLISH
082 _A621.3 Q1
100 _aMahapatra S C
245 0 _aPrinciples of Electromagetics
250 _a1st
260 _c2011
_b"Tata Mcgraw Hill,New "
500 _aYES
650 _aElectromagnetics
_bElectrical
700 _a Sudipta Mahapatra
942 _cBK
999 _c193266
_d193266